ბათუმის შოთა რუსთაველის სახელმწიფო უნივერსიტეტის ბიბლიოთეკა

The time traveller book of khights and castles. (ბიბ.ჩანაწერი № 47008)

000 -LEADER
fixed length control field 00554nam a2200217Ia 4500
001 - CONTROL NUMBER
control field 13864
003 - CONTROL NUMBER IDENTIFIER
control field GE_BSU
008 - FIXED-LENGTH DATA ELEMENTS--GENERAL INFORMATION
fixed length control field 181216s||||||||xx |||||||||||||| ||und||
020 ## - INTERNATIONAL STANDARD BOOK NUMBER
International Standard Book Number 074601077X
040 ## - CATALOGING SOURCE
Transcribing agency GE_BSU
080 ## - UNIVERSAL DECIMAL CLASSIFICATION NUMBER
Universal Decimal Classification number 910
100 ## - MAIN ENTRY--PERSONAL NAME
Personal name Hindley,Judy.
245 #4 - TITLE STATEMENT
Title The time traveller book of khights and castles.
245 ## - TITLE STATEMENT
Statement of responsibility, etc. Illustrated by Toni Goffe,designed by John Jamieson.
260 ## - PUBLICATION, DISTRIBUTION, ETC.
Place of publication, distribution, etc. London.
260 ## - PUBLICATION, DISTRIBUTION, ETC.
Date of publication, distribution, etc. 1993
300 ## - PHYSICAL DESCRIPTION
Extent 128p;28cm.
300 ## - PHYSICAL DESCRIPTION
Other physical details ill.
653 ## - INDEX TERM--UNCONTROLLED
Uncontrolled term The time traveller book of khights and castles.
942 ## - ADDED ENTRY ELEMENTS (KOHA)
Koha item type წიგნი
ეგზემპლარები
Withdrawn status Lost status Damaged status Not for loan Date acquired Barcode Date last seen Price effective from Koha item type
        2018-12-17 36782 2018-12-17 2018-12-17 წიგნი